UK accession to the 1970 UNESCO Convention (Record no. 71778)

MARC details
000 -LEADER
fixed length control field 01695cam a2200241 4500
001 - CONTROL NUMBER
control field ABS66189A
008 - FIXED-LENGTH DATA ELEMENTS--GENERAL INFORMATION
fixed length control field 021217n2002 000 0 eng u
035 ## - SYSTEM CONTROL NUMBER
System control number (Sirsi) u120792
100 ## - MAIN ENTRY--PERSONAL NAME
Personal name Chamberlain, K.
245 ## - TITLE STATEMENT
Title UK accession to the 1970 UNESCO Convention
260 ## - PUBLICATION, DISTRIBUTION, ETC.
Date of publication, distribution, etc. 2002
490 ## - SERIES STATEMENT
Series statement Art Antiquity and Law
Volume/sequential designation 7(3) September 2002, 231-262(33)
520 ## - SUMMARY, ETC.
Summary, etc. Considers how the "Unesco Convention on the Means of Prohibiting and Preventing the Illict Import, Export and Transfer of Ownershp of Cultural Property1970" can be implemented in the England and Wales through the provisions of common law, existing legislation and administrative practices through an article by article analysis of the Convention. Following the recommendations of the Ministerial Advisory Panel on Illict Trade, the UK signed up to the Convention in August 2002 aimed at reducing illicit trade in cultural objects. Defines the term 'illicit trade'. Briefly outlines other legal provisions for the protection of cultural property including the "Undroit Convention on the International Return of Stolen or Illegallly Exported Objects 1995" which compliments the UNESCO Convention 1970, Council Directive 1993/7/EEC"(as amended) and "Council Regulation 3911/1992"(as amended).
590 ## - LOCAL NOTE (RLIN)
Local note ABS
650 ## - SUBJECT ADDED ENTRY--TOPICAL TERM
Topical term or geographic name entry element CONVENTION ON THE MEANS OF PROHIBITING AND PREVENTION OF THE ILLICIT IMPORT, EXPORT AND TRANSFER OF OWNERSHIP OF CULTURAL PROPERTY 1970
650 ## - SUBJECT ADDED ENTRY--TOPICAL TERM
Topical term or geographic name entry element ILLICIT TRADE
650 ## - SUBJECT ADDED ENTRY--TOPICAL TERM
Topical term or geographic name entry element CULTURAL OBJECTS
650 ## - SUBJECT ADDED ENTRY--TOPICAL TERM
Topical term or geographic name entry element CONVENTION ON STOLEN OR ILLEGALLY EXPORTED CULTURAL OBJECTS 1995
650 ## - SUBJECT ADDED ENTRY--TOPICAL TERM
Topical term or geographic name entry element STOLEN WORKS OF ART
650 ## - SUBJECT ADDED ENTRY--TOPICAL TERM
Topical term or geographic name entry element COMMON LAW
690 ## - LOCAL SUBJECT ADDED ENTRY--TOPICAL TERM (OCLC, RLIN)
Topical term or geographic name as entry element Arts and antiques
9 (RLIN) 6217
942 ## - ADDED ENTRY ELEMENTS (KOHA)
Suppress in OPAC 0
Holdings
Withdrawn status Lost status Source of classification or shelving scheme Damaged status Not for loan Home library Current library Shelving location Date acquired Total Checkouts Full call number Barcode Date last seen Copy number Price effective from Koha item type
    Dewey Decimal Classification     London London Journal article 17/12/2002   ABS66189A 120792-1001 06/08/2019 1 06/08/2019 Journal article